Die besten Filme der 1920er - Statistiken

Allgemein
  • Dieses Quiz wurde 26 mal gespielt
  • Das Durchschnittsergebnis liegt bei 2 aus 6
Antwortstatistiken
Platzierung Film Erscheinungsjahr % Korrekt
114. Metropolis 1927
95%
128. Der Vagabund und das Kind 1921
33%
175. Goldrausch 1925
33%
185. Der General 1926
29%
194. Sherlock Holmes Jr. 1924
19%
207. Die Passion der Jeanne d'Arc 1928
14%
Keine übereinstimmenden Quizze gefunden
Verteilung der Resultate
Anzahl Personen mit jedem Resultat
Perzentil nach korrekt beantworteten Fragen
Ihre Resultats-Entwicklung
Sie haben dieses Quiz noch nicht gespielt